The intellectual Hero : (Record no. 128508)

MARC details
000 -LEADER
fixed length control field 00686nam a22002297a 4500
005 - DATE AND TIME OF LATEST TRANSACTION
control field 20170124110040.0
010 ## - LIBRARY OF CONGRESS CONTROL NUMBER
LC control number 195932
020 ## - INTERNATIONAL STANDARD BOOK NUMBER
Terms of availability 00.00
035 ## - SYSTEM CONTROL NUMBER
System control number 195932
037 ## - SOURCE OF ACQUISITION
Source of stock number/acquisition Cen Lib/Ret
040 ## - CATALOGING SOURCE
Original cataloging agency DPL
Language of cataloging EN
082 ## - DEWEY DECIMAL CLASSIFICATION NUMBER
Classification number 883.08
Item number BRO
100 ## - MAIN ENTRY--PERSONAL NAME
Personal name Brombert, Victor
9 (RLIN) 23629
245 ## - TITLE STATEMENT
Title The intellectual Hero :
Statement of responsibility, etc by Victor Brumbert
Remainder of title studies in the French novel, 1880-1955 /
260 ## - PUBLICATION, DISTRIBUTION, ETC. (IMPRINT)
Place of publication, distribution, etc London
Name of publisher, distributor, etc Faber and Faber
Date of publication, distribution, etc 1960
270 ## - ADDRESS
Address 24 Russell Square
300 ## - PHYSICAL DESCRIPTION
Extent 255p.
Dimensions 20cm(Hb)
500 ## - GENERAL NOTE
General note Includes bibliography and index
650 ## - SUBJECT ADDED ENTRY--TOPICAL TERM
Topical term or geographic name as entry element Intellectuals in literature
9 (RLIN) 23630
650 ## - SUBJECT ADDED ENTRY--TOPICAL TERM
Topical term or geographic name as entry element French literature
9 (RLIN) 23631
942 ## - ADDED ENTRY ELEMENTS (KOHA)
Source of classification or shelving scheme Dewey Decimal Classification
Koha item type English Books
Classification part 883.08
Call number suffix BRO
Holdings
Withdrawn status Lost status Damaged status Not for loan Home library Current library Date acquired Source of acquisition Cost, normal purchase price Total Checkouts Full call number Barcode Date last seen Copy number Cost, replacement price Price effective from Koha item type
        Central Library Central Library 02/07/2015 Cen Lib/Ret 0.00   883.08 BRO 195932 02/07/2015 1 0.00 02/07/2015 English Books

© Delhi Public Library
Hit Counter
free hit counter